000 00784nas a2200265 4500
001 BR9207066
003 BR-BrBNA
005 20231205100452.0
007 ta
008 230509b bl.|||p| |||| 00| 00por d
040 _aBR-BrBNA
_bpor
_cBiblioteca Nacional de Agricultura
041 _a(Pt)
072 _aL73
100 1 _aSantos, F. das C.C. dos
100 1 _aPereira, C.A.
100 1 _aFischer, P.
245 1 _aVulvovaginites em suinos - relato de um caso
650 _aSUÍNO
650 _aVulvovaginite
650 _aVirus
650 _aDoenca Animal
773 0 _tAnais da Escola Superior de Agricultura Luiz de Queiroz (Brazil)
_xISSN 0071-1276
_g(Jan-Dec 1988), v. 18(1) p. 47-51
_wBR9207066
909 _a202311
_bLúcia
_c55
_dLúcia Elande
942 _2AGRIS
_n0
_cANA
999 _c156202
_d156202